000 01458nam a22002537a 4500
999 _c58766
_d58766
003 Ge_BSU
005 20220719133423.0
008 220719s2022ge xxu||||| |||| 00| 0 geo d
020 _a9789941835322
041 _ageo
080 _a271.22(479.22)(09) ბ-95
100 _aბუბულაშვილი, ელდარ.
_96283
245 _aსაქართველოს მართლმადიდებელი ეკლესია ეგზარქოსობის დროს (1811-1917 წწ.) /
_cელდარ ბუბულაშვილი ; რედ: დეკანოზი მაქსიმე ჭანტურია, მერაბ კეზევაძე.
264 _aთბილისი :
_bახალი ივერონი,
_c2022.
300 _a716 გვ. :
_bილ. ;
_c 24 სმ.
504 _aბიბლიოგრაფია ტექსტის შენიშვნებში
520 _aრეზიუმე ინგლისურ ენაზე.
653 _aქართული მართლმადიდებლური ეკლესიის ისტორია.
653 _aრელიგია
700 _a ჭანტურია, მაქსიმე
_eრედაქტორი
_914445
700 _aკეზევაძე, მერაბ
_eრედაქტორი
_914446
773 _tნაჩუქარი
942 _2udc
_cBK